| 000 | 00525nam a2200205Ia 4500 | ||
|---|---|---|---|
| 005 | 20230922105709.0 | ||
| 008 | 131103s9999 xx 000 0 und d | ||
| 040 | _aLoreto College | ||
| 041 | _aEnglish | ||
| 082 |
_a291.13 _bMAR |
||
| 245 |
_aMythology _cEdited by Pierre Maranda |
||
| 260 |
_aLondon _bPenguin modern _c[19?] |
||
| 300 | _a320p. | ||
| 440 | _aPenguin modern sociology readings | ||
| 504 | _aIncludes index | ||
| 650 | _aReligion | ||
| 700 | _aMaranda, Pierre; ed. | ||
| 850 | _aLCLIB | ||
| 942 | _cBK | ||
| 999 |
_c23146 _d73625 |
||